Sports Quiz

Random Sports or WWE Quiz

All Championship Match Participants on a WWE PPV Quiz Stats

 Plays Quiz not verified by Sporcle

Challenge
Share
Tweet
Embed
Score 0/300 Timer 20:00
0 Plays Today
Number of Matches Wrestler % Correct
101John Cena
94.5%
85Triple H
93.7%
76Randy Orton
90.7%
67Kane
90.6%
69Undertaker
90.4%
71Edge
90%
1Superstars with only 1 World Tag Team title match (Albert, Bam Bam Bigelow, Barry Windham, Doug Furnas, Dynamite Kid, Miguel Perez, Jr., Mo, Mr. Fuji, Phil LaFon, Rick Steiner, Robbie McAllister, Rory McAllister, Samu, Simon Dean, Terry Funk, Tyson Tomko)
89.5%
43Shawn Michaels
88.8%
73Chris Jericho
88%
2The Ascension (Konnor and Viktor)
87.2%
24Charlotte
86.9%
45The Rock
86.8%
64The Big Show
86.4%
50Jeff Hardy
86.3%
54Christian
86.2%
43Matt Hardy
86.2%
27Bret Hart
85.8%
27Roman Reigns
84.8%
63The Miz
84.7%
21Owen Hart
84.6%
33Stone Cold Steve Austin
84.6%
34Seth Rollins
84.6%
28Dean Ambrose
83.5%
16Hulk Hogan
83.1%
11Ric Flair
83%
41CM Punk
82.6%
32Billy Gunn/Mr. Ass
82.4%
22Mick Foley/Mankind/Dude Love/Cactus Jack
82%
45Rey Mysterio
81.5%
38Chris Benoit
81.4%
22Goldust
81.4%
22Chavo Guerrero, Jr.
81.4%
27The Dudley Boyz (Bubba Ray and D-Von)
81.3%
28Eddie Guerrero
81.1%
14X-Pac/1-2-3 Kid
80.9%
20Road Dogg/Jesse James
80.6%
28Brock Lesnar
80.6%
33Kurt Angle
80.1%
41Batista
80.1%
50Kofi Kingston
79.9%
30Cody Rhodes
79.6%
7Henry O. Godwinn
79.5%
42Dolph Ziggler/Nicky
78.9%
11Spike Dudley
78.8%
44Sheamus
78.2%
32Big E
78.1%
13Lita
78%
28Trish Stratus
77.8%
27JBL/Bradshaw
77.7%
18Kevin Nash/Diesel
77.6%
18Hardcore Holly/Bob Holly/Bombastic Bob
77.3%
30Daniel Bryan
77.2%
16Natalya
76.7%
30Alberto Del Rio
75.6%
33Rob Van Dam
75.3%
11Ted DiBiase, Jr.
75.1%
24Davey Boy Smith/The British Bulldog
75%
11Scott Hall/Razor Ramon
75%
6Ted DiBiase, Sr.
74.7%
7Crash Holly
74.5%
10Molly Holly
74.5%
24Mark Henry
74.4%
22Kevin Owens
73.7%
13Nikki Bella
73.5%
11Bart Gunn/Bodacious Bart
73.4%
29Booker T
73.4%
7Brie Bella
73.4%
7Randy Savage
73.4%
7Demolition Smash
73.2%
10Sasha Banks
73%
7Big Boss Man
72.9%
7Shane McMahon
72.6%
11Xavier Woods
72.6%
3Mr. McMahon
72.5%
1Superstars with only 1 Women's title match (B.B., Bertha Faye, Bull Nakano, Christy Hemme, Katie Lea Burchill, Maria, Miss Kitty, Nidia, Rockin' Robin, Velvet McIntyre, Wendi Richter, Aksana, Eva Marie, Rosa Mendes, Summer Rae)
72.1%
26John Morrison/Johnny Nitro
71.9%
3Mr. Kennedy
71.6%
10The Ultimate Warrior
71.4%
7Bray Wyatt/Husky Harris
71.4%
35Cesaro
71.3%
17Wade Barrett
71%
6Demolition Ax
70.9%
3The Colossal Connection (Andre the Giant and Haku)
70.3%
32The Usos (Jimmy and Jey)
69.9%
14AJ Lee
68.6%
12Test
68.5%
8Heath Slater
68.5%
22AJ Styles
68.5%
14Yokozuna
68.4%
10Faarooq
68.4%
9Rikishi/Fatu
68.1%
1Superstars with only 1 Intercontinental title match (Ahmed Johnson, Dino Braco, Elias, George Steele, Junkyard Dog, Kaval, Ricky Steamboat, Sin Cara (Mistico))
67.8%
7Becky Lynch
67.4%
8Jinder Mahal
67.1%
10Luke Harper
66.9%
9Chyna
66.8%
18Mickie James
66.6%
3The Honky Tonk Man
66.2%
22William Regal
66.1%
8Umaga
66.1%
Number of Matches Wrestler % Correct
25Jack Swagger
66.1%
5Roddy Piper
65.8%
9Road Warrior Hawk
65.7%
10Rhyno
65.3%
8Bayley
65.2%
7Nia Jax
64.6%
10Road Warrior Animal
64.1%
7Karl Anderson
63.8%
8Erick Rowan
63.5%
6Goldberg
63.3%
3Jason Jordan
63.3%
1Superstars with only 1 Raw Women's title match (Mandy Rose, Sonya Deville)
63.2%
7Darren Young
63.1%
15Ryback
62.9%
6Sami Zayn
62.8%
21Shelton Benjamin
62.7%
8Shinsuke Nakamura
62.6%
14D'Lo Brown
62.5%
13Paige
62.5%
15Rusev
62.4%
3Jim Neidhart
62.2%
4Mabel/Viscera/Big Daddy V
62.2%
11Naomi
61.9%
13Carlito
61.6%
4Bobby Roode
61.4%
3Bo Dallas
61.3%
10The Great Khali
61.2%
5Tamina Snuka
60.7%
9Lashley
60.4%
3Chad Gable
60.1%
19R-Truth/K-Kwik
60%
3Crush/Brian Adams
59.8%
7Finlay
59.8%
12Michelle McCool
59.8%
1Superstars with only 1 Raw Tag title match (Curt Hawkins, Dash Wilder, Dave Taylor, Jesse, K.C. James, David Otunga, Mason Ryan, Nicholas, Scott Dawson)
59.8%
5Samoa Joe
59.7%
5David Hart Smith
59.7%
4Mr. Perfect
59.2%
7Scotty 2 Hotty/Scott Taylor
58.7%
3Deuce 'n Domino
58.7%
12Brian Kendrick
58.6%
11Tyson Kidd
58.6%
12Jeff Jarrett
58.5%
3Rick Rude
58.5%
7Zack Ryder/Brett Major
58.3%
14Gregory Helms/The Hurricane
58.2%
6Justin Gabriel
58.1%
8Luke Gallows/Festus
58.1%
17Alexa Bliss
58.1%
3Dean Malenko
58%
10Titus O'Neil
58%
4The Godfather/Papa Shango
57.8%
13Melina
57.7%
13Primo/Diego
57.7%
16Montel Vontavious Porter
57.6%
11Santino Marella
57.5%
1Superstars with only 1 Hardcore title match (Gerald Brisco, The Mean Street Posse (Joey Abs, Pete Gas, and Rodney), Pat Patterson, Stevie Richards)
57.3%
9Ken Shamrock
57%
17Beth Phoenix
57%
7Epico/Fernando
56.8%
11Paul London
56.6%
4Tommy Dreamer
56.6%
7Sid Justice
56.5%
3Sable
56.4%
8Charlie Haas
56.1%
10Layla
56.1%
4Joey Mercury
56.1%
5Perry Saturn
55.8%
3Raven
55.6%
9Val Venis/Chief Morley
55.4%
6Alicia Fox
55.3%
2Strike Force (Rick Martel and Tito Santana)
55.2%
5Sin Cara (Hunico)
55.2%
4Sgt. Slaughter
55%
8Jacqueline
54.7%
12Al Snow/Leif Cassidy
54.5%
3Lex Luger
53.9%
11Curtis Axel/Michael McGillicutty
53.9%
12Victoria
53.6%
12Ivory
53.5%
2Jimmy Snuka
53.4%
4Scott Steiner
53.3%
7Kelly Kelly
53.1%
4Tazz
52.8%
14Tajiri
52.8%
2The Iron Sheik and Nikolai Volkoff
52.7%
6Braun Strowman
52.7%
5Irwin R. Schyster/Mike Rotundo
52.6%
9Jazz
52.2%
5Baron Corbin
52.1%
3Leilani Kai
52.1%
12Kalisto
52.1%
3Finn Balor
52.1%
2Sabu
52%
4Ezekiel Jackson
51.9%
1Superstars with only 1 SD Women's title match (Lana, Ruby Riott)
51.7%
3Ronda Rousey
51.4%
3Diamon Dallas Page
50.6%
8Drew McIntyre
50.6%
6Carmella
50.6%
Number of Matches Wrestler % Correct
2Ashley Massaro, The Fabulous Moolah, Stacy Keibler
50.3%
2Grandmaster Sexay/Brian Christopher
50.3%
3The Natural Disasters (Earthquake and Typhoon)
49.8%
4Orlando Jordan
49.7%
9Neville
49.7%
4Vader
49.5%
9Mideon/Phineas I. Godwinn
49.3%
3Greg Valentine
49.2%
11Lance Storm
49.2%
10Eve Torres
49.2%
12Jamie Noble
48.7%
6Enzo Amore
48.1%
3T.J. Perkins
48%
1Superstars with only 1 European title match (Gangrel, Justin Credible)
47.4%
2Marty Jannetty
47.3%
3Big Cass
47.2%
2Jake Roberts
46.5%
1Superstars with only 1 Raw Cruiserweight title match (Drew Gulak, Jack Gallagher, Mustafa Ali)
46.2%
8Damien Sandow/Damien Mizdow/Idol Stevens
45.6%
3Brutus Beefcake
45.3%
6Maven
45%
2Fandango
45%
6Candice Michelle
44.8%
4Rosey
44.7%
3Hornswoggle
44.7%
2Emma
44.6%
5Steve Blackman
44.4%
10Funaki
44%
2The Spirit Squad (Kenny and Mikey)
43.5%
2Chris Masters
43.3%
8Billy Kidman
43%
5Kaitlyn
43%
1Superstars with only 1 Light Heavyweight title match (Gillberg, Jerry Lynn, Pantera)
42.8%
3Quebecer Jacques
42.7%
2Cameron
42.7%
4Maryse
42.5%
6Vladimir Kozlov
42.5%
3Gail Kim
42.2%
1Superstars with only 1 WWE title match (The Berzerker, Bob Backlund, Hercules, Jerry Lawler, Jim Duggan, King Kong Bundy, The Patriot, Sting)
42%
2The Powers of Pain (The Barbarian and The Warlord)
41.4%
6The Headbangers (Mosh and Thrasher)
41.3%
1Superstars with only 1 SD Cruiserweight title match (Daivari, Psicosis, Ultimo Dragon)
41.3%
2Virgil
41.1%
10Rene Dupree
41.1%
3Alundra Blayze
40.9%
3Cedric Alexander
40.7%
2Marc Mero
40.7%
4The Basham Brothers (Doug and Danny)
40.2%
5Taka Michinoku
40%
3Tori
40%
2Savio Vega
39.7%
3Simon Gotch
39.2%
9Lance Cade/Garrison Cade
39%
2Akira Tozawa
38.9%
3Chuck Palumbo
38.3%
2Apollo Crews
38.1%
3Tyler Breeze
37.9%
5Aiden English
37.8%
3Jerry Sags
37.5%
2Tatanka
37.5%
2Rico
37.5%
1Superstars with only 1 World Heavyweight title match (Mike Knox)
37.5%
1Superstars with only 1 ECW title match (Elijah Burke, Paul Burchill)
37.1%
2Brian Knobbs
37%
3Austin Aries
36.7%
6Bodydonna Zip/Tom Prichard
36.6%
6Evan Bourne
36.5%
7Trevor Murdoch
36.2%
4Kid Kash
35.3%
1Superstars with only 1 United States title match (Alex Riley, Jesus, Mojo Rawley, Tye Dillinger)
35.3%
3Asuka
35.2%
6Nunzio
35.2%
2Rich Swann
34.9%
2Eugene
34.8%
2The Texas Tornado
34.8%
2Super Crazy
34.5%
4Bodydonna Skip
34.4%
1Superstars with only 1 WCW Tag Team title match (Bryan Clark)
34.2%
2Bull Buchanan
34.1%
2Dean Douglas
33.9%
2Juventud
33.7%
2Heidenreich
33.6%
2Chris Kanyon
33.3%
3Cryme Tyme (Shad and JTG)
31.6%
8Rob Conway
31.2%
2Essa Rios/Aguila
30.2%
5Shannon Moore
29.8%
9Sylvain Grenier
29.5%
2Skinner
27.3%
6Jimmy Wang Yang/Akio
27%
2The Rock 'n' Roll Express (Ricky Morton and Robert Gibson)
26.7%
2Quebecer Pierre
26.4%
2Jimmy Del Ray
24.8%
3Luna Vachon
23.9%
2Kenzo Suzuki
23.5%
2The Beverly Brothers (Beau and Blake)
21.3%
2Mark Jindrak
21%
2Judy Martin
20.1%
1Superstars with only 1 Women's Tag Team title match (The Jumping Bomb Angels (Itsuki Yamazaki and Noriyo Tateno))
18.3%
2The Heart Throbs (Antonio and Romeo)
14.9%

You're not logged in!

Compare scores with friends on all Sporcle quizzes.
Join for Free
OR
Log In

You Might Also Like...

Show Comments

Extras

Top Quizzes Today


Score Distribution

Your Account Isn't Verified!

In order to create a playlist on Sporcle, you need to verify the email address you used during registration. Go to your Sporcle Settings to finish the process.

Report this User

Report this user for behavior that violates our Community Guidelines.

Details: